000 00411nam a2200157 i 4500
001 bg
100 1 _aKUCHTEWIC, W. J.
245 0 _aOdnokristallnyj scintilljacionnyj spektrometr /
_cW.J. Kuchtewic, L.A. Trykow, O.A. Trykow.
260 _aMoskwa,
_c1971.
700 1 _aTRYKOW, L. A.
700 1 _aTRYKOW, O. A.
040 _cBPK
041 _apol
942 _cKS
008 s pl f |000 0 pol
999 _c9176
_d9176
856 _uhttp://koha.tu.koszalin.pl/cgi-bin/koha/opac-detail.pl?biblionumber=9176
_yKatalog online BPK